Cuentos: una selección
Bewaard in:
| Hoofdauteur: | |
|---|---|
| Formaat: | Boek |
| Taal: | Spaans |
| Gepubliceerd in: |
Santiago
La Nación S.A
2005
|
| Onderwerpen: | |
| Tags: |
Voeg label toe
Geen labels, Wees de eerste die dit record labelt!
|
MARC
| LEADER | 00000nam a2200000 a 4500 | ||
|---|---|---|---|
| 001 | UCH8198 | ||
| 003 | CL-VaPUC | ||
| 008 | 091127e20050000CL |||||||||||||||||spa|d | ||
| 020 | |a 9567570205 | ||
| 082 | 0 | 4 | |a 839.81 |b AND |2 21 |
| 100 | |a Andersen, Hans Christian |e author |9 308911 | ||
| 245 | 1 | 0 | |a Cuentos: una selección |
| 246 | 1 | 3 | |a La princesa y el guisante |
| 246 | 1 | 3 | |a El traje nuevo del emperador |
| 246 | 1 | 3 | |a El valiente soldadito de plomo |
| 246 | 1 | 3 | |a El ruiseñor |
| 246 | 1 | 3 | |a El patito feo |
| 246 | 1 | 3 | |a La pequeña vendedora de fósforos |
| 246 | 1 | 3 | |a El sapo |
| 246 | 1 | 3 | |a La tetera |
| 300 | |a 71 p | ||
| 942 | |c BK | ||
| 945 | |d 20091127 00:00:00 |a lazolas | ||
| 260 | |a Santiago |b La Nación S.A |c 2005 | ||
| 650 | 0 | |a Literatura |9 259151 | |
| 650 | 7 | |a CUENTOS DANESES |2 CL-VaPUC |9 308912 | |
| 650 | 0 | |a Cuentos infantiles |9 308044 | |
| 650 | 0 | |a Literatura infantil |9 307465 | |
| 650 | 0 | |a Lectura |9 307634 | |
| 650 | 0 | |a Ficción |9 376687 | |
| 651 | 7 | |a DINAMARCA |2 CL-VaPUC |9 315123 | |
| 583 | |a last modification |c 20091127 00:00:00 |k Rodrigo Vera | ||
| 999 | |c 338432 |d 338430 | ||